00505nam a2200193 a 4500001001300000003000900013005001700022008004100039020000900080082001600089100001900105245004000124260003500164300000800199500003500207505002400242650002600266700001900292nice12345678IN_TiNIC20260116013702.0050524s1988 newa grp 000 0 urd  ac1200a954.01bASH aAshraf, Mujeeb aQadeem Hindustan Ki Secular Riwayat aNew DelhibMaktaba Jamiac1988 a88p aincludes index and biblioraphy2 abibliography, index aCulture-Ancient-India1 aAshraf, Mujeeb